000 00294 a2200085 4500
020 _a‎ 9781032212203
100 _aAlberto Gabriele and Elias Jabbour
245 _aSocialist Economic Development in the 21st Century: A Century after the Bolshevik Revolution
260 _b Taylor & Francis Ltd
_c2022
999 _c13448
_d13448